000 00357nam a2200133Ia 4500
008 151001s9999||||xx |||||||||||||| ||und||
100 _a खुशांत
245 _aहताश से मुक्ती कि और
250 _a1
260 _bपूजा प्रकाशन
260 _c2007
300 _a162
365 _b21
999 _c994835
_d994832